| 000 | 00374nam a2200145Ia 4500 | ||
|---|---|---|---|
| 005 | 20250508053141.0 | ||
| 008 | 240331s9999 xx 000 0 und d | ||
| 082 |
_bKAN _a891 |
||
| 245 | 0 | _aKannadiyil mithakkum bimbam | |
| 260 |
_aChennai _bPanikkudam Pathippagam _c2006 |
||
| 300 | _a116 p ., | ||
| 500 | _aPoems Of Emily Dickinson | ||
| 700 |
_aMithila,R. _eedt |
||
| 942 | _cL | ||
| 999 |
_c2663 _d2663 |
||